University Home | Library Home | Institutional Repository

The Pharmacopoeia of Japan. (Record no. 45870)

MARC details
000 -LEADER
fixed length control field 00954cam1a220030100 4500
001 - CONTROL NUMBER
control field qce01695804
005 - DATE AND TIME OF LATEST TRANSACTION
control field 20190813182425.0
008 - FIXED-LENGTH DATA ELEMENTS--GENERAL INFORMATION
fixed length control field 740227s1973 ja 001 0 eng
010 ## - LIBRARY OF CONGRESS CONTROL NUMBER
LC control number 74155210
035 ## - SYSTEM CONTROL NUMBER
System control number (Sirsi) r70718
035 ## - SYSTEM CONTROL NUMBER
System control number (QCAT)lss00547576
035 ## - SYSTEM CONTROL NUMBER
System control number (UPRA)qce01695804
040 ## - CATALOGING SOURCE
Modifying agency UPRA
043 ## - GEOGRAPHIC AREA CODE
Geographic area code a-ja---
050 0# - LIBRARY OF CONGRESS CALL NUMBER
Classification number RS141.7
Item number .N5513 1971
082 ## - DEWEY DECIMAL CLASSIFICATION NUMBER
Classification number 615/.11/52
130 0# - MAIN ENTRY--UNIFORM TITLE
Uniform title Nihon yakkyokuho. English.
245 14 - TITLE STATEMENT
Title The Pharmacopoeia of Japan.
250 ## - EDITION STATEMENT
Edition statement 8th ed.
260 ## - PUBLICATION, DISTRIBUTION, ETC.
Place of publication, distribution, etc. [Tokyo] :
Name of publisher, distributor, etc. Society of Japanese Pharmacopoeia,
Date of publication, distribution, etc. [1973]
500 ## - GENERAL NOTE
General note Translation of Nihon yakkyokuho.
650 #0 - SUBJECT ADDED ENTRY--TOPICAL TERM
Topical term or geographic name entry element Pharmacopoeias -- Japan.
Geographic subdivision Pharmacopoeias -- Japan.
Linkage S23716.1
710 1# - ADDED ENTRY--CORPORATE NAME
Corporate name or jurisdiction name as entry element Japan. Koseisho.
Subordinate unit Japan. Koseisho.
Linkage A31796.1
710 2# - ADDED ENTRY--CORPORATE NAME
Corporate name or jurisdiction name as entry element Nihon Koteisho Kyokai.
Linkage A31797.1
949 ## - LOCAL PROCESSING INFORMATION (OCLC)
a RS141.7
w LC
i -95698
m MEDICAL
t BOOK
l ON-SHELF
949 ## - LOCAL PROCESSING INFORMATION (OCLC)
a RS141.7
w LC
i -95699
m MEDICAL
t BOOK
l ON-SHELF
Holdings
Withdrawn status Lost status Source of classification or shelving scheme Damaged status Not for loan Home library Current library Shelving location Total Checkouts Full call number Barcode Date last seen Copy number Price effective from Koha item type
    Library of Congress Classification     Medical Library Medical Library On Shelf   RS141.7 -95698 08/13/2019 1 08/13/2019 Book
    Library of Congress Classification     Medical Library Medical Library On Shelf   RS141.7 -95699 08/13/2019 2 08/13/2019 Book
© 2026 - The University of Zambia Library - Koha v25.11